[Event "Camaguey Province-ch sf"]
[Site "Camaguey"]
[Date "2009.08.30"]
[Round "16"]
[White "Dominguez, Jose"]
[Black "Zamora Rosales, Noslen"]
[Result "0-1"]
[WhiteElo "2368"]
[BlackElo "2138"]
[PlyCount "44"]
[EventDate "2009.08.15"]
[EventType "tourn"]
[EventRounds "17"]
[EventCountry "CUB"]
[EventCategory "1"]
[SourceTitle "EXT 2012"]
[Source "ChessBase"]
[SourceDate "2011.11.24"]
[SourceVersion "1"]
[SourceVersionDate "2011.11.24"]
[SourceQuality "1"]

1. e4 c5 2. Nf3 d6 3. d4 cxd4 4. Nxd4 Nf6 5. Nc3 a6 6. Be3 e6 7. h3 Be7 8. Qd2 b5 9. Bd3 Qc7 10. 0-0 Nc6 11. Nxc6 Qxc6 12. a3 Bb7 13. f4 d5 14. e5 Nd7 15. Rae1 Nc5 16. Bxc5 Bxc5+ 17. Kh1 Rc8 18. f5 exf5 19. Rxf5 Qe6 20. Rf6 Qe7 21. Qg5 gxf6 22. Qg7 Rf8 0-1

[Event "Camaguey Province-ch sf"]
[Site "Camaguey"]
[Date "2009.08.24"]
[Round "10"]
[White "Dominguez, Jose"]
[Black "Diaz Quesada, George"]
[Result "1/2-1/2"]
[WhiteElo "2368"]
[BlackElo "2161"]
[PlyCount "67"]
[EventDate "2009.08.15"]
[EventType "tourn"]
[EventRounds "17"]
[EventCountry "CUB"]
[EventCategory "1"]
[SourceTitle "EXT 2012"]
[Source "ChessBase"]
[SourceDate "2011.11.24"]
[SourceVersion "1"]
[SourceVersionDate "2011.11.24"]
[SourceQuality "1"]

1. Nf3 Nf6 2. g3 g6 3. Bg2 Bg7 4. 0-0 0-0 5. d4 d6 6. c4 Nc6 7. Nc3 e5 8. d5 Na5 9. Nd2 c5 10. dxc6 Nxc6 11. Nde4 Nd4 12. Bg5 Be6 13. b3 Nxe4 14. Bxd8 Nxc3 15. Qe1 Ndxe2+ 16. Kh1 Rfxd8 17. Rd1 f5 18. Bxb7 Rab8 19. Bg2 f4 20. f3 fxg3 21. hxg3 Rf8 22. Rd2 a5 23. Rxe2 Nxe2 24. Qxe2 a4 25. Rd1 axb3 26. axb3 Rfd8 27. Qd3 d5 28. cxd5 Rxd5 29. Qc2 Rxd1+ 30. Qxd1 Rxb3 31. Qd8+ Kf7 32. Qc7+ Kg8 33. Qd8+ Kf7 34. Qc7+ 1/2-1/2

[Event "Camaguey Province-ch sf"]
[Site "Camaguey"]
[Date "2009.08.20"]
[Round "8"]
[White "Dominguez, Jose"]
[Black "Cantillo Barroso, Rafael"]
[Result "0-1"]
[WhiteElo "2368"]
[BlackElo "2131"]
[PlyCount "86"]
[EventDate "2009.08.15"]
[EventType "tourn"]
[EventRounds "17"]
[EventCountry "CUB"]
[EventCategory "1"]
[SourceTitle "EXT 2012"]
[Source "ChessBase"]
[SourceDate "2011.11.24"]
[SourceVersion "1"]
[SourceVersionDate "2011.11.24"]
[SourceQuality "1"]

1. c4 Nf6 2. Nf3 g6 3. g3 Bg7 4. Bg2 0-0 5. 0-0 d6 6. d4 Nc6 7. Nc3 e5 8. d5 Nb8 9. e4 Na6 10. Ne1 Nd7 11. Nd3 Nac5 12. b4 Nxd3 13. Qxd3 a5 14. Rb1 axb4 15. Rxb4 Nc5 16. Qc2 f5 17. f3 f4 18. Bd2 Bd7 19. Be1 h5 20. Bf2 b6 21. Rbb1 g5 22. Qe2 g4 23. Rbc1 Rf7 24. Rc2 Qg5 25. Kh1 Rc8 26. gxf4 exf4 27. Rg1 g3 28. Bf1 h4 29. Nb5 Be8 30. Bd4 Be5 31. Bh3 Rg7 32. Qd1 Bh5 33. Bxc5 bxc5 34. a4 Ra8 35. Ra2 Ra5 36. Qe2 Kh8 37. Rb1 gxh2 38. Bg4 Ra8 39. a5 Rf8 40. Qg2 Qg6 41. a6 Bxg4 42. fxg4 f3 43. Qh3 f2 0-1

[Event "Camaguey Province-ch sf"]
[Site "Camaguey"]
[Date "2009.08.16"]
[Round "2"]
[White "Torres Delgado, Walfrido"]
[Black "Dominguez, Jose"]
[Result "1/2-1/2"]
[WhiteElo "2003"]
[BlackElo "2368"]
[PlyCount "75"]
[EventDate "2009.08.15"]
[EventType "tourn"]
[EventRounds "17"]
[EventCountry "CUB"]
[EventCategory "1"]
[SourceTitle "EXT 2012"]
[Source "ChessBase"]
[SourceDate "2011.11.24"]
[SourceVersion "1"]
[SourceVersionDate "2011.11.24"]
[SourceQuality "1"]

1. d4 Nf6 2. c4 g6 3. Nc3 Bg7 4. e4 d6 5. Be2 0-0 6. Nf3 c5 7. 0-0 Bg4 8. dxc5 dxc5 9. Qb3 Qc8 10. Be3 b6 11. Rfd1 Nc6 12. Rd2 h6 13. Rad1 Qe6 14. Qc2 Rad8 15. Rxd8 Rxd8 16. Rxd8+ Nxd8 17. Nd2 Bxe2 18. Nxe2 Ng4 19. Bf4 Nc6 20. h3 Nge5 21. a3 Qd7 22. Nc1 Nd4 23. Qd1 Kh7 24. Bxe5 Bxe5 25. Nf3 Nxf3+ 26. Qxf3 Kg7 27. Nd3 Bd4 28. b3 a5 29. a4 Ba1 30. Qe3 e5 31. Kf1 Bd4 32. Qf3 Qe7 33. Ke2 Qe6 34. Qg4 Qf6 35. Qf3 Qg5 36. Qg4 Qf6 37. Qf3 Qd6 38. Qg3 1/2-1/2